MDQL
is popping MORE tags! Check the
thread
!
Quizzes
Events
Quiz Creation
Community
Videos
Private Events
Remove Ads
Sign In
Join for FREE
Feedback
Dark Mode
Quiz Categories
Sports
Geography
Music
Movies
Television
Just For Fun
Miscellaneous
History
Literature
Language
Science
Gaming
Entertainment
Religion
Holiday
For Kids
Quiz Lab
Recent
Popular Today
Quiz Kudos Today
Editor Picks
Curator Picks
Quizzes by...
Day
Popularity
Type
Ratings
Length
Year
Community
Subscriptions
Recent Discussions
Orange Saloon
Badges
Playlists
Quests
Create
Leaderboards
Showdown
Live 5
Trivia Bingo
Activity
Puzzle Library
Sporcle Events
Private Events
Virtual Trivia
Globe League
Become a Host
Pub Owners
SporcleCon
Opinionation
Our Games
Videos
Blog
Mobile Apps
Partnerships
Remove Ads and Go Orange
Feedback
Television
TV Characters
TV Show
Sitcom
Network
Friends
Reality Shows
Cast
South Park
Star Trek
The Simpsons
Doctor Who
Television
TV Characters
TV Show
Sitcom
Network
Friends
Reality Shows
Cast
South Park
Star Trek
The Simpsons
Doctor Who
Random Quiz
Search Sporcle
×
Quiz Lab
Quiz Lab
Television
Actress
Type in answers that appear in a list
Type in answers that appear in a list
Classic
Best Score? Go Orange.
Name tv shows played by actors/actresses Stats
Can you name the tv shows played by the actors/actresses
By
Domiros2919
10m
22 Questions
68 Plays
68 Plays
68 Plays
Comments
Comments
Give Quiz Kudos
Give Quiz Kudos
-
- Ratings
hide this ad
Forced Order
Answers have to be entered in order
Answers have to be entered in order
Wrong Answers
Some wrong answers will appear in red
Some wrong answers will appear in red
Random Order
Randomize order of answers
Randomize order of answers
Replay
Link that replays current quiz
Next Quiz
Link to next quiz in quiz playlist
You Got
0%
They Got
Avg Score
56%
Avg Friend Score
Upgrade to see
Score Distribution
Jump to the score distribution portion of the page
Score
0/22
Timer
10:00
0
Plays Today
actors/actresses
tv shows
% Correct
Jennifer Aniston,Matthew Perry, Courtney Cox
???
91.2%
Sarah Michelle Gellar,Nicholas Brendon
???
80.9%
Jim Parson, Kelly Cuoco
???
79.4%
Ellen Pompeo, Sandra Oh
???
77.9%
Gillian Anderson, David Duchovny
???
72.1%
George Clooney, Noah Wyle
???
67.6%
Debra Messing, Eric McCormack
???
61.8%
Evangeline Lilly, Jorge Garcia
???
61.8%
Teri Hatcher, Marcia Cross
???
60.3%
John Hamm, Christina Hendricks
???
57.4%
Jennifer Morrison, Ginnifer Goodwin
???
57.4%
actors/actresses
tv shows
% Correct
Ed Westwick, Blake Lively
???
57.4%
Julianna Marguiles, Christine Baranski
???
52.9%
Ashley Benson, Lucy Hale, Troian Bellisario,Shay Mitchell
???
51.5%
Normas Reedus, Steven Yeun
???
51.5%
Wentworth Miller, Amaury Nolasco
???
51.5%
Ian Somerholder, Paul Wesley
???
50%
Jensen Ackles, Jared Padalecki, Misha Collins
???
47.1%
Matt Smith, Peter Capaldi
???
38.2%
Patrick J Adams, Gabriel Macht
???
29.4%
Grant Gustin, Daniel Panabaker
???
26.5%
Eliza Taylor, Bobby Morley
???
17.6%
Quiz Playlist
Details
Report
Send in Message
Add To Playlist
Classic:
Type in answers that appear in a list
Forced Order:
Answers have to be entered in order
Wrong Answers:
Some wrong answers will appear in red
Random Order:
Randomize order of answers
Last Updated: Feb 16, 2017
Quiz Scoreboard
CHALLENGE
Sign Up to Join the Scoreboard
Show All
Scores
Hide
Comments
May contain spoilers
Recently Published
1-10 Letter E Words III
by El_Dandy
Language
2m
Street Fighter Characters
by Artimus82
Gaming
60s
College Basketball Coaching Resumes
by pancakes188
Sports
9m
More to Explore
Quiz From the Vault
Featured Blog Post
Where Did the Easter Bunny Come From?
hide this ad
You Might Also Like...
Tags
Actor Quiz
Actress Quiz
Show Quiz
Today's Top Quizzes in Television
Browse Television
hide this ad
Today's Top Quizzes in Actress
Browse Actress
Top Contributed Quizzes in Television
1
Survivor Journey Challenge
2
Adjectives in 80s TV Shows
3
Adjectives in 00s TV Shows
4
5-to-1: The Simpsons Families
5
5-to-1: Television Doctors
6
Adjectives in 10s TV Shows
7
7-to-1: TV Show Settings
8
Adjectives in 70s TV Shows
9
5-to-1: Streaming Originals
10
Survivor Seasons
Explore More
Trending Topics
Marvel
Kpop
Harry Potter
Crossword
NBA
Disney
Anime
Puzzle
WWE
The Office
Soccer
Country
NFL
Pokémon
Song
hide this ad
More By:
Domiros2919
Quiz
Plays
Rating
Category
Featured
Created
Name tv shows played by actors/actresses
68
1.00
Television
Apr 15, 2016
Name Highest-Grossing Films Of 2015
24
1.50
Movies
Mar 16, 2016
Go to Creator's Profile
Score Distribution
Quiz Creator Spotlight
Domiros2919
Follow
Send a Message
Quizzes Created
-
Created Quiz Play Count
-
More By This Creator
Popular Quizzes Today
1
Find the US States - No Outlines Minefield
2
Find the Countries of Europe - No Outlines Minefield
3
The Countries of the World
4
Find the US States
5
Risky Map Clicking: Biggest States A-Z
6
US States
7
Popular People in 1961
8
Movies - When Are They Set?
More Television Quizzes
Find the L TV Series - Part II
Quiz Lab
Trending Quizzes
Risky Map Clicking: Least Populous States A-Z
1-10 Letter G Words
1-10 Letter F Words
Countries of the World: 200 Million BC
Risky Map Clicking: Next State Alphabetically
Recently Updated
Beyoncé Albums
pecheneg
Leaping Animals
pecheneg
Reality TV Shows (A-Z)
bhenderson79
Rickey Henderson's Hall of Fame Teammates
pecheneg
Champions League XIs: Arsenal
pecheneg
Quick Pick: Celebrities in WWE's Hall of Fame
aduchscher
A-Z Keypad Blitz II
pecheneg
Multiple Oscar Actors
pecheneg
Mystery Phrase Blitz: Oscar 'Best Actors'
pecheneg
F. Scott Fitzgerald Novels
LTH
Trending Topics
NBA
Marvel
Anime
Harry Potter
Crossword
Disney
Kpop
WWE
Pokémon
Puzzle
Soccer
Country
The Office
Song
NFL
Your Account Isn't Verified!
In order to create a playlist on Sporcle, you need to verify the email address you used during registration. Go to your
Sporcle Settings
to finish the process.
Report this User
Report this user for behavior that violates our
Community Guidelines
.
Details:
Send Report
Go to the Sporcle.com Mobile Site →
Comments